| 000 | 00404nam a22001337a 4500 | ||
|---|---|---|---|
| 082 |
_a344.0095491 _bSAN |
||
| 100 | _aSanga, Anwar Ali | ||
| 245 |
_aManual of Labour Laws in Pakistan: _bwith all amendments & cases law up to date / _cAnwar Ali Sanga |
||
| 260 |
_bKazim Law Book House, _c2025. |
||
| 300 |
_a1584 p. ; _c24 cm. |
||
| 563 | _aHB. | ||
| 650 |
_aLabour Laws _9129210 |
||
| 942 |
_2ddc _cBK |
||
| 999 |
_c613900 _d613900 |
||